000 00889nas a2200301 4500
001 BR0301523
003 BR-BrBNA
005 20231205103642.0
007 ta
008 230509b bl.|||p| |||| 00| 00por d
040 _aBR-BrBNA
_bpor
_cBiblioteca Nacional de Agricultura
041 _a(Pt)
072 _aL51
100 1 _aRodrigues, V.C.
100 1 _aAndrade, I.F. de
100 1 _aSousa, J.C.D. de
100 1 _aInácio Neto, A.
100 1 _aRodrigues, V. do N.
100 1 _aTavares, S.
245 1 _aAvaliação do consumo e da capacidade digestiva de búfalos e bovinos
650 _aBÚFALO
650 _aBOVINO
650 _aDIGESTIBILIDADE
650 _aCONSUMO ALIMENTAR
773 0 _tCiência e Agrotecnologia (Brazil)
_xISSN 1413-7054
_g(Nov-Dec 2001), v. 25(6) p. 1406-1412
_wBR0301523
909 _a202311
_bLúcia
_c55
_dLúcia Elande
942 _2AGRIS
_n0
_cANA
999 _c174027
_d174027